Provincias españolas con el menor número de fronteras - Estadísticas

Estadísticas generales
  • Esta prueba ha sido intentada 3.494 veces
  • La puntuación promedio es 4 de 6
Estadísticas de respuestas
# Provincia % Correcto
0 Islas Baleares
88%
0 Las Palmas
81%
0 Santa Cruz de Tenerife
76%
2 La Coruña
74%
2 Gerona
73%
2 Almería
39%
No se encontraron pruebas coincidentes
Distribución de puntuación
Porcentaje de gente con cada puntuación
Porcentaje por número respondido
Historial de tus puntuaciones
No has intentado esta prueba.